| 000 | 00490pab a2200169 454500 | ||
|---|---|---|---|
| 008 | 180718b2017 xxu||||| |||| 00| 0 eng d | ||
| 100 | _aDas Gupta, Chirashree | ||
| 245 | _aFiscal federalism in India since 1991: infirmities of sound finance paradigm | ||
| 260 | _c2017 | ||
| 300 | _ap.55-60. | ||
| 362 | _a14 Jan | ||
| 650 | _aFiscal federalism - India | ||
| 650 | _aFiscal federalism | ||
| 700 | _aMazumdar, Surajit | ||
| 773 | _aEconomic and Political Weekly | ||
| 909 | _a113248 | ||
| 999 |
_c113243 _d113243 |
||